ARRUPE JESUIT UNIVERSITY

CORONAVIRUS -STOP THE SPREAD - CLEAN,DISINFECT,COVER

The world as l see it (Record no. 61811)

MARC details
000 -LEADER
fixed length control field 00601nam a2200229Ia 4500
003 - CONTROL NUMBER IDENTIFIER
control field 0100
008 - FIXED-LENGTH DATA ELEMENTS--GENERAL INFORMATION
fixed length control field 130303s9999 xx 000 0 und d
040 ## - CATALOGING SOURCE
Transcribing agency ARRUPELIB
050 ## - LIBRARY OF CONGRESS CALL NUMBER
Classification number AC35.E528 1991
300 ## - PHYSICAL DESCRIPTION
Other physical details 112p. 21cm.
100 ## - MAIN ENTRY--PERSONAL NAME
Personal name Einstein, Albert
245 #4 - TITLE STATEMENT
Title The world as l see it
250 ## - EDITION STATEMENT
Edition statement Abridged edition
260 ## - PUBLICATION, DISTRIBUTION, ETC. (IMPRINT)
Name of publisher, distributor, etc Carol Publishing Group
260 ## - PUBLICATION, DISTRIBUTION, ETC. (IMPRINT)
-- 1991
300 ## - PHYSICAL DESCRIPTION
Extent xiii
650 ## - SUBJECT ADDED ENTRY--TOPICAL TERM
Topical term following geographic name as entry element Creation
650 ## - SUBJECT ADDED ENTRY--TOPICAL TERM
Location of event Wisdom literature--Criticism, interpretation, etc
650 ## - SUBJECT ADDED ENTRY--TOPICAL TERM
Active dates Ecology--Biblical teaching God--Wisdom
700 ## - ADDED ENTRY--PERSONAL NAME
Personal name Harris, Alan tr.
942 ## - ADDED ENTRY ELEMENTS (KOHA)
Source of classification or shelving scheme Library of Congress Classification
Koha issues (borrowed), all copies 1
Holdings
Withdrawn status Lost status Source of classification or shelving scheme Damaged status Not for loan Collection code Home library Current library Shelving location Date acquired Total Checkouts Full call number Barcode Date last seen Date checked out Copy number Price effective from Koha item type
    Library of Congress Classification     Main Collection ARRUPE LIBRARY ARRUPE LIBRARY   05/03/2013 1 AC35.E528 1991 46003094637 13/07/2015 04/06/2015 1 05/03/2013 Monograph ( Printed materials)

 

Arrupe Library. PO Box MP320 Mt Pleasant, Harare, Zimbabwe
263 242 745411|librarian@aju.ac.zw